000
00328 a2200157 4500
001
174583
020
_a
040
_c
Magnum
100
_a
Góes, Lúcia Pimentel
240
1
0
_a
As duas caras da noite
_l
por
245
1
0
_a
As duas caras da noite
362
0
_a
1899
440
1
_a
Moderna
697
_a
I/POESIA
942
_c
BK
999
_c
174583
_d
174583